Statistics for Capitals of nations that no longer exist quiz #2

Click here to take the quiz!

General Stats

  • This quiz has been taken 17 times
  • The average score is 8 of 15

Answer Stats

NationCapital% Correct
Ottoman EmpireConstantinople
88%
Kingdom of BavariaMunich
88%
Tibetan EmpireLhasa
81%
Empire of BrazilRio de Janeiro
81%
Gran ColombiaBogota
75%
Duchy of TuscanyFlorence
69%
Inca EmpireCusco
56%
Aztec EmpireTenochtitlan
56%
Duchy of GasconyBordeaux
50%
Abbasid CaliphateBaghdad
31%
Fatimid CaliphateCairo
31%
Mongol EmpireKhanbalik
31%
Assyrian EmpireNineveh
31%
Kingdom of NorthumbriaYork
31%
Achaemenid EmpireBabylon
6%

Score Distribution

Percentile by Number Answered

Percent of People with Each Score

Your Score History

You have not taken this quiz